[Event "Mecklenburg VP LL2 West 1819"]
[Site "Mecklenburg VP"]
[Date "2018.10.21"]
[Round "1.8"]
[White "Voll, Andreas"]
[Black "Haase, Sebastian"]
[Result "1-0"]
[WhiteElo "1880"]
[BlackElo "1857"]
[PlyCount "95"]
[EventDate "2018.10.21"]
[EventType "team-tourn"]
[EventRounds "9"]
[EventCountry "GER"]
[SourceTitle "EXT 2022"]
[Source "ChessBase"]
[SourceDate "2021.10.06"]
[SourceVersion "1"]
[SourceVersionDate "2021.10.06"]
[SourceQuality "1"]
[WhiteTeam "Schwerin SF IV"]
[BlackTeam "Grevesmuehlen Blau Weiss"]
[WhiteTeamCountry "GER"]
[BlackTeamCountry "GER"]

1. e4 c5 2. Nf3 e6 3. d4 cxd4 4. Nxd4 a6 5. Be2 Bc5 6. Be3 Ba7 7. Nc3 Ne7 8. Qd2 Nbc6 9. Rd1 b6 10. Nxc6 Nxc6 11. 0-0 Bb8 12. f4 Qc7 13. e5 0-0 14. Ne4 Bb7 15. Qxd7 Nxe5 16. Qxc7 Bxc7 17. Nd6 Bxd6 18. Rxd6 Ng6 19. Rxb6 Be4 20. c3 a5 21. Rd1 Ne7 22. c4 Nf5 23. Bf2 g6 24. g4 Ne7 25. Bc5 Rfe8 26. Bxe7 Rxe7 27. Rdd6 e5 28. fxe5 Rxe5 29. Kf2 Rae8 30. Rd2 Bb1 31. a3 Ba2 32. b3 Bb1 33. b4 axb4 34. axb4 Re3 35. Rbd6 Kg7 36. b5 Rh3 37. Kg1 Ree3 38. Bf1 Rhf3 39. Rd1 Be4 40. Bg2 Rf4 41. Bxe4 Rexe4 42. c5 Rxg4+ 43. Kf2 Re5 44. R6d5 Rgg5 45. Rxe5 Rxe5 46. Rc1 Kf8 47. b6 Re8 48. c6 1-0

[Event "Mecklenburg VP VL 1718"]
[Site "Mecklenburg VP"]
[Date "2018.04.08"]
[Round "8.7"]
[White "Voll, Andreas"]
[Black "Grehl, Tino"]
[Result "1/2-1/2"]
[WhiteElo "1819"]
[BlackElo "1869"]
[PlyCount "85"]
[EventDate "2017.10.08"]
[EventType "team-tourn"]
[EventRounds "9"]
[EventCountry "GER"]
[SourceTitle "EXT 2022"]
[Source "ChessBase"]
[SourceDate "2021.10.06"]
[SourceVersion "1"]
[SourceVersionDate "2021.10.06"]
[SourceQuality "1"]
[WhiteTeam "Schwerin SF III"]
[BlackTeam "Greifswald II"]
[WhiteTeamCountry "GER"]
[BlackTeamCountry "GER"]

1. e4 c5 2. Nf3 Nc6 3. d4 cxd4 4. Nxd4 Nf6 5. Nxc6 bxc6 6. Nc3 d6 7. Be2 g6 8. 0-0 Bg7 9. Re1 0-0 10. Bf3 Nd7 11. Be3 Ba6 12. Rb1 Ne5 13. Be2 Bxe2 14. Qxe2 Qc7 15. Na4 Rab8 16. c4 Rb4 17. b3 Rfb8 18. Rbc1 c5 19. Red1 Nc6 20. Nc3 e6 21. Nb5 Qe7 22. Qd3 R4xb5 23. cxb5 Nd4 24. Bxd4 Bxd4 25. b4 Rf8 26. bxc5 dxc5 27. Rc2 Rd8 28. Qf3 Qd7 29. Rb1 Rb8 30. Qe2 Qd6 31. g3 h5 32. Kg2 Qb6 33. Rb3 Kg7 34. Qc4 Qb7 35. f3 h4 36. Rd2 Qb6 37. Re2 Rh8 38. g4 h3+ 39. Kf1 Qd6 40. a4 Qf4 41. a5 Rd8 42. Rd3 Qe5 43. Rc2 1/2-1/2

[Event "Mecklenburg VP VL 1718"]
[Site "Mecklenburg VP"]
[Date "2018.01.21"]
[Round "5.7"]
[White "Voll, Andreas"]
[Black "Staben, Norbert"]
[Result "1/2-1/2"]
[WhiteElo "1819"]
[BlackElo "1706"]
[PlyCount "40"]
[EventDate "2017.10.08"]
[EventType "team-tourn"]
[EventRounds "9"]
[EventCountry "GER"]
[SourceTitle "EXT 2022"]
[Source "ChessBase"]
[SourceDate "2021.10.06"]
[SourceVersion "1"]
[SourceVersionDate "2021.10.06"]
[SourceQuality "1"]
[WhiteTeam "Schwerin SF III"]
[BlackTeam "Warnemuende SF Ostsee"]
[WhiteTeamCountry "GER"]
[BlackTeamCountry "GER"]

1. e4 c5 2. Nf3 Nc6 3. Be2 g6 4. 0-0 Bg7 5. Nc3 a6 6. a4 e6 7. Re1 Nge7 8. Bc4 0-0 9. d3 d5 10. exd5 exd5 11. Bb3 h6 12. h3 Be6 13. Bf4 Nf5 14. Qd2 Kh7 15. Ne5 Nxe5 16. Bxe5 Nd4 17. Ba2 Qd7 18. Bxg7 Kxg7 19. Re5 Nc6 20. Ree1 Nd4 1/2-1/2

[Event "Mecklenburg VP LL2 West 1617"]
[Site "Mecklenburg VP"]
[Date "2016.10.16"]
[Round "1.8"]
[White "Voll, Andreas"]
[Black "Pfennigschmidt, Georg"]
[Result "1-0"]
[WhiteElo "1821"]
[BlackElo "1564"]
[PlyCount "63"]
[EventDate "2016.10.16"]
[EventType "team-tourn"]
[EventRounds "9"]
[EventCountry "GER"]
[SourceTitle "EXT 2022"]
[Source "ChessBase"]
[SourceDate "2021.10.06"]
[SourceVersion "1"]
[SourceVersionDate "2021.10.06"]
[SourceQuality "1"]
[WhiteTeam "Schwerin SF III"]
[BlackTeam "Schwerin SF IV"]
[WhiteTeamCountry "GER"]
[BlackTeamCountry "GER"]

1. Nf3 Nc6 2. d4 d5 3. g3 e6 4. Bg2 Nf6 5. 0-0 Be7 6. Re1 Ne4 7. c3 g5 8. Nfd2 Nf6 9. e4 dxe4 10. Nxe4 Nxe4 11. Bxe4 h5 12. b4 f5 13. Bg2 Bd6 14. Nd2 Qf6 15. Nc4 Bd7 16. Nxd6+ cxd6 17. d5 Nd8 18. dxe6 Nxe6 19. Bb2 0-0-0 20. Qb3 Rde8 21. c4 Qh6 22. Bxh8 Rxh8 23. c5 h4 24. c6 bxc6 25. Rac1 hxg3 26. hxg3 Kc7 27. Qe3 Kb8 28. Qd3 d5 29. b5 Nd8 30. bxc6 Bxc6 31. Rb1+ Ka8 32. Qxf5 1-0

[Event "Mecklenburg VP LL2 West 1415"]
[Site "Mecklenburg VP"]
[Date "2015.03.29"]
[Round "9.8"]
[White "Wahrmann, Eric"]
[Black "Voll, Andreas"]
[Result "0-1"]
[WhiteElo "1481"]
[BlackElo "1771"]
[PlyCount "56"]
[EventDate "2014.09.21"]
[EventType "team-tourn"]
[EventRounds "9"]
[EventCountry "GER"]
[SourceTitle "EXT 2022"]
[Source "ChessBase"]
[SourceDate "2021.10.06"]
[SourceVersion "1"]
[SourceVersionDate "2021.10.06"]
[SourceQuality "1"]
[WhiteTeam "Malchow Schachinsel"]
[BlackTeam "Schwerin SF IV"]
[WhiteTeamCountry "GER"]
[BlackTeamCountry "GER"]

1. d4 Nf6 2. c4 e6 3. Nc3 d5 4. Nf3 Be7 5. Bf4 0-0 6. e3 c6 7. a3 Nbd7 8. Bd3 dxc4 9. Bxc4 Nd5 10. Nxd5 exd5 11. Bd3 Nf6 12. Ne5 Be6 13. 0-0 Rc8 14. b4 h6 15. h3 Qb6 16. Qf3 Qd8 17. Rfc1 a5 18. b5 c5 19. dxc5 Rxc5 20. Rxc5 Bxc5 21. a4 Qe7 22. g4 d4 23. g5 hxg5 24. Bxg5 dxe3 25. fxe3 Rd8 26. Qg3 Bd6 27. Qh4 Bxe5 28. Bxf6 Qxf6 0-1

[Event "Mecklenburg VP VL 1314"]
[Site "Mecklenburg VP"]
[Date "2013.11.24"]
[Round "3.7"]
[White "Voll, Andreas"]
[Black "Glawe, Hartmut"]
[Result "0-1"]
[WhiteElo "1807"]
[BlackElo "1825"]
[PlyCount "74"]
[EventDate "2013.10.20"]
[EventType "team-tourn"]
[EventRounds "9"]
[EventCountry "GER"]
[SourceTitle "EXT 2022"]
[Source "ChessBase"]
[SourceDate "2021.10.06"]
[SourceVersion "1"]
[SourceVersionDate "2021.10.06"]
[SourceQuality "1"]
[WhiteTeam "Schwerin SF III"]
[BlackTeam "Stralsund FHSG"]
[WhiteTeamCountry "GER"]
[BlackTeamCountry "GER"]

1. e4 e5 2. Nf3 Nc6 3. Bb5 Nf6 4. d3 d6 5. Bg5 Be7 6. Nbd2 0-0 7. 0-0 Ne8 8. Bxe7 Nxe7 9. h3 Ng6 10. Bc4 c6 11. Re1 Nc7 12. Nf1 d5 13. Bb3 a5 14. c3 Re8 15. Ng3 Qd6 16. Bc2 d4 17. Qd2 c5 18. Rad1 Nf4 19. Ne2 Nce6 20. Bb3 Nxe2+ 21. Qxe2 Nf4 22. Qf1 Qh6 23. Kh1 Bg4 24. Nh2 Bxd1 25. Rxd1 a4 26. Bc4 Ra5 27. cxd4 cxd4 28. b4 axb3 29. Bxb3 Rc5 30. Ng4 Qa6 31. g3 Ng6 32. Qe2 b5 33. Qf3 Qa7 34. h4 Nh8 35. h5 h6 36. Nxh6+ gxh6 37. Qg4+ Kf8 0-1

[Event "Mecklenburg VP LL2 West 1213"]
[Site "Mecklenburg VP"]
[Date "2012.12.09"]
[Round "4.8"]
[White "Schreiber, Oliver"]
[Black "Voll, Andreas"]
[Result "0-1"]
[WhiteElo "1634"]
[BlackElo "1859"]
[PlyCount "58"]
[EventDate "2012.10.14"]
[EventType "team-tourn"]
[EventRounds "9"]
[EventCountry "GER"]
[SourceTitle "EXT 2022"]
[Source "ChessBase"]
[SourceDate "2021.10.06"]
[SourceVersion "1"]
[SourceVersionDate "2021.10.06"]
[SourceQuality "1"]
[WhiteTeam "Mecklenburger Springer SC"]
[BlackTeam "Schwerin SF III"]
[WhiteTeamCountry "GER"]
[BlackTeamCountry "GER"]

1. d4 d5 2. Bf4 c6 3. e3 Nf6 4. Bd3 g6 5. Nf3 Bg7 6. Nbd2 Nbd7 7. c3 Qb6 8. Rb1 0-0 9. h3 Nh5 10. Bh2 c5 11. 0-0 f5 12. Re1 e6 13. Ne5 Nxe5 14. dxe5 f4 15. Be2 Bd7 16. Bxh5 fxe3 17. Rxe3 gxh5 18. Qxh5 Be8 19. Qe2 Bg6 20. Rd1 Qxb2 21. Nf1 Qb6 22. h4 d4 23. cxd4 cxd4 24. Rb3 d3 25. Qb2 Qc6 26. Rxb7 Bh6 27. h5 Be4 28. Rb4 Qc2 29. Qb3 Qxf2+ 0-1

[Event "Mecklenburg VP VL 1213"]
[Site "Mecklenburg VP"]
[Date "2012.11.11"]
[Round "2.7"]
[White "Voll, Andreas"]
[Black "Vladov, Mark"]
[Result "1/2-1/2"]
[WhiteElo "1859"]
[BlackElo "1534"]
[PlyCount "167"]
[EventDate "2012.10.14"]
[EventType "team-tourn"]
[EventRounds "9"]
[EventCountry "GER"]
[SourceTitle "EXT 2022"]
[Source "ChessBase"]
[SourceDate "2021.10.06"]
[SourceVersion "1"]
[SourceVersionDate "2021.10.06"]
[SourceQuality "1"]
[WhiteTeam "Schwerin SF II"]
[BlackTeam "Warnemuende SF Ostsee"]
[WhiteTeamCountry "GER"]
[BlackTeamCountry "GER"]

1. e4 d6 2. d4 Nf6 3. Nc3 g6 4. Nf3 Bg7 5. Be2 0-0 6. 0-0 Nbd7 7. Bf4 Nh5 8. Be3 e5 9. dxe5 Nxe5 10. Nxe5 Bxe5 11. Bxh5 Qh4 12. g3 Qxh5 13. Qxh5 gxh5 14. Nd5 Bh3 15. Rfe1 c6 16. Nf4 Bg4 17. Nd3 Bg7 18. Kg2 Be6 19. c3 f6 20. a4 a5 21. Nf4 Bf7 22. Rad1 Rfd8 23. Rd2 Bf8 24. Bd4 Be7 25. Bb6 Rdc8 26. Bd4 Ra6 27. Be3 b5 28. axb5 cxb5 29. Nd5 Bd8 30. Bd4 Kg7 31. Ne3 Be6 32. Nf5+ Kg6 33. Nh4+ Kf7 34. Nf5 d5 35. f3 a4 36. Ne3 dxe4 37. fxe4 Kg6 38. Rf1 Bc4 39. Rff2 Re6 40. Kf3 Ba5 41. Ng2 Rce8 42. Nf4+ Kf7 43. Nxe6 Rxe6 44. Bc5 Rc6 45. Be3 Be6 46. Kg2 b4 47. cxb4 Bxb4 48. Rc2 Bd7 49. Bd4 Be7 50. e5 f5 51. Rxc6 Bxc6+ 52. Kf1 Ke6 53. Bc3 h4 54. Rd2 h3 55. Ke2 h5 56. Kd3 Bd5 57. Kd4 h4 58. gxh4 Bxh4 59. Kc5 Be7+ 60. Kb5 Bg5 61. Rd3 f4 62. Rxh3 f3 63. Bd4 Kf5 64. Rh8 Ke4 65. Bf2 Be3 66. Rh4+ Kd3 67. Bg3 f2 68. Bxf2 Bxf2 69. Rxa4 Bd4 70. b4 Bxe5 71. Kc5 Bf7 72. h4 Bd4+ 73. Kd6 Bf2 74. b5 Bc4 75. Kc6 Bxh4 76. b6 Kc3 77. b7 Bg3 78. Ra3+ Bb3 79. Ra8 Bc2 80. Re8 Ba4+ 81. Kb6 Bxe8 82. Ka7 Bf2+ 83. Kb8 Kc4 84. Kc8 1/2-1/2

[Event "Mecklenburg VP LL2 West 1112"]
[Site "Mecklenburg VP"]
[Date "2012.01.15"]
[Round "5.3"]
[White "Voll, Andreas"]
[Black "Altenburg, Reiner"]
[Result "1-0"]
[WhiteElo "1889"]
[BlackElo "1740"]
[PlyCount "53"]
[EventDate "2011.10.02"]
[EventType "team-tourn"]
[EventRounds "9"]
[EventCountry "GER"]
[SourceTitle "EXT 2022"]
[Source "ChessBase"]
[SourceDate "2021.10.06"]
[SourceVersion "1"]
[SourceVersionDate "2021.10.06"]
[SourceQuality "1"]
[WhiteTeam "Neukloster III"]
[BlackTeam "Ludwigslust Post SV"]
[WhiteTeamCountry "GER"]
[BlackTeamCountry "GER"]

1. e4 c5 2. Nf3 Nc6 3. d4 cxd4 4. Nxd4 Nf6 5. Nc3 e5 6. Nxc6 bxc6 7. Bg5 Bb4 8. a3 Bxc3+ 9. bxc3 Qa5 10. Bd3 Qxc3+ 11. Bd2 Qd4 12. Be3 Qa4 13. 0-0 0-0 14. f4 d5 15. fxe5 Nxe4 16. Qh5 Be6 17. Rf4 f5 18. exf6 Rxf6 19. Rxf6 Nxf6 20. Qg5 Qg4 21. Rb1 h6 22. Qe5 Re8 23. h3 Nd7 24. Qd6 Qa4 25. Bg6 Bf7 26. Bxf7+ Kxf7 27. Qxd7+ 1-0

[Event "Mecklenburg VP LL2 West 1112"]
[Site "Mecklenburg VP"]
[Date "2011.11.20"]
[Round "3.2"]
[White "Voll, Andreas"]
[Black "Kornblum, Harry"]
[Result "0-1"]
[WhiteElo "1889"]
[BlackElo "1828"]
[PlyCount "62"]
[EventDate "2011.10.02"]
[EventType "team-tourn"]
[EventRounds "9"]
[EventCountry "GER"]
[SourceTitle "EXT 2022"]
[Source "ChessBase"]
[SourceDate "2021.10.06"]
[SourceVersion "1"]
[SourceVersionDate "2021.10.06"]
[SourceQuality "1"]
[WhiteTeam "Neukloster III"]
[BlackTeam "Kuehlungsborn SV Empor"]
[WhiteTeamCountry "GER"]
[BlackTeamCountry "GER"]

1. e4 c5 2. Nf3 d6 3. d4 cxd4 4. Nxd4 a6 5. Be2 Nf6 6. Nc3 e6 7. 0-0 Be7 8. a4 Qc7 9. Be3 Nbd7 10. Kh1 Nc5 11. f3 0-0 12. Qe1 g6 13. Qf2 b6 14. Rad1 Bb7 15. Qg3 Rac8 16. Rfe1 Ncd7 17. Bd3 Ne5 18. f4 Nc4 19. Bc1 Qc5 20. Nb3 Qc7 21. f5 Nh5 22. Qh3 exf5 23. exf5 Bf6 24. fxg6 hxg6 25. Bxc4 Qxc4 26. Nd2 Nf4 27. Nxc4 Nxh3 28. Nxd6 Nf2+ 29. Kg1 Nxd1 30. Nxc8 Nxc3 31. bxc3 Rxc8 0-1

[Event "Mecklenburg VP LL2 West 0910"]
[Site "Mecklenburg VP"]
[Date "2010.04.11"]
[Round "9.1"]
[White "Borkenhagen, Andreas"]
[Black "Voll, Andreas"]
[Result "0-1"]
[WhiteElo "1722"]
[BlackElo "1935"]
[PlyCount "70"]
[EventDate "2009.10.18"]
[EventType "team-tourn"]
[EventRounds "9"]
[EventCountry "GER"]
[SourceTitle "EXT 2016"]
[Source "ChessBase"]
[SourceDate "2015.10.08"]
[SourceVersion "1"]
[SourceVersionDate "2015.10.08"]
[SourceQuality "1"]
[WhiteTeam "Wismar ASV Gruen-Weiss II"]
[BlackTeam "Neukloster IV"]
[WhiteTeamCountry "GER"]
[BlackTeamCountry "GER"]

1. e4 c5 2. Nf3 d6 3. d4 cxd4 4. Nxd4 Nf6 5. Nc3 a6 6. f3 g6 7. Be3 Bg7 8. Qd2 Nc6 9. Be2 Nxd4 10. Bxd4 Be6 11. Nd5 Bxd5 12. exd5 0-0 13. 0-0-0 b5 14. g4 Rc8 15. g5 Ne8 16. h4 Qc7 17. Bxg7 Nxg7 18. f4 Qc5 19. Kb1 Nf5 20. Rh3 Qf2 21. Bg4 Qxd2 22. Rxd2 Rc4 23. Bxf5 gxf5 24. Rf3 Re4 25. Kc1 Rc8 26. Kd1 Rcc4 27. c3 Rxf4 28. Rdf2 Rxf3 29. Rxf3 Rxh4 30. Rxf5 Rh2 31. Kc1 Re2 32. a3 Kg7 33. a4 Kg6 34. axb5 axb5 35. Rf4 Re5 0-1

[Event "Mecklenburg VP LL 0809"]
[Site "Mecklenburg VP"]
[Date "2009.03.29"]
[Round "9.4"]
[White "Voll, Andreas"]
[Black "Kohn, Thomas2222"]
[Result "1-0"]
[WhiteElo "1896"]
[BlackElo "1940"]
[PlyCount "77"]
[EventDate "2008.10.05"]
[EventType "team-tourn"]
[EventRounds "9"]
[EventCountry "GER"]
[SourceTitle "EXT 2022"]
[Source "ChessBase"]
[SourceDate "2021.10.06"]
[SourceVersion "1"]
[SourceVersionDate "2021.10.06"]
[SourceQuality "1"]
[WhiteTeam "Neukloster II"]
[BlackTeam "Stralsund FHSG"]
[WhiteTeamCountry "GER"]
[BlackTeamCountry "GER"]

1. e4 c5 2. Nf3 d6 3. d4 cxd4 4. Nxd4 Nf6 5. Nc3 g6 6. Be3 Bg7 7. f3 0-0 8. Qd2 Nc6 9. g4 Qa5 10. h4 h5 11. Nb3 Qc7 12. gxh5 Nxh5 13. 0-0-0 Be6 14. f4 Nb4 15. Kb1 Ng3 16. Rg1 Bxc3 17. Qxc3 Qxc3 18. bxc3 Nxf1 19. Rdxf1 Nc6 20. h5 Bc4 21. Rf2 Rfc8 22. hxg6 fxg6 23. Rxg6+ Kf7 24. Rg5 Rg8 25. Rf5+ Ke8 26. Rh2 Kd7 27. e5 Ke6 28. Rfh5 dxe5 29. fxe5 Bxb3 30. axb3 Rad8 31. Rh6+ Kxe5 32. R2h5+ Ke4 33. Re6+ Kf3 34. Rf5+ Kg4 35. Rf4+ Kg3 36. Rf1 Rdf8 37. Rg1+ Kf3 38. Rf1+ Ke2 39. Rxf8 1-0

[Event "Mecklenburg VP LL 0607"]
[Site "Mecklenburg VP"]
[Date "2006.11.19"]
[Round "3.3"]
[White "Voll, Andreas"]
[Black "Foerster, Jonas"]
[Result "0-1"]
[WhiteElo "1931"]
[BlackElo "2003"]
[PlyCount "106"]
[EventDate "2006.10.15"]
[EventType "team"]
[EventRounds "9"]
[EventCountry "GER"]
[SourceTitle "EXT 2008"]
[Source "ChessBase"]
[SourceDate "2007.11.25"]
[SourceVersion "1"]
[SourceVersionDate "2007.11.25"]
[SourceQuality "1"]
[WhiteTeam "Schwerin SV Einheit"]
[BlackTeam "Rostock PSV II"]
[WhiteTeamCountry "GER"]
[BlackTeamCountry "GER"]

1. e4 e6 2. d4 d5 3. exd5 exd5 4. Nf3 Bd6 5. Bd3 Nf6 6. Nc3 0-0 7. 0-0 Bg4 8. Bg5 c6 9. h3 Bh5 10. g4 Bg6 11. Ne5 Nbd7 12. Re1 Re8 13. Nxg6 Rxe1+ 14. Qxe1 hxg6 15. Qd2 Qb6 16. Be3 Re8 17. Rd1 Qb4 18. Qc1 Bc7 19. Ne2 Qe7 20. b3 Ne4 21. c4 Ndf6 22. Bf4 Bxf4 23. Qxf4 Qd6 24. Qxd6 Nxd6 25. f3 dxc4 26. bxc4 g5 27. Kf2 Rd8 28. Nc3 Nde8 29. Ke3 Nc7 30. Rb1 b5 31. Be4 Ne6 32. Rd1 c5 33. d5 Nd4 34. Rh1 Nd7 35. f4 gxf4+ 36. Kxf4 f6 37. d6 g5+ 38. Kg3 Kg7 39. h4 gxh4+ 40. Rxh4 Nf8 41. Bd5 Rxd6 42. Rh1 Ng6 43. Ne4 Rd8 44. Rf1 Rf8 45. Nd6 Ne7 46. Nf5+ Ndxf5+ 47. gxf5 Nxd5 48. cxd5 Kf7 49. Rh1 Ke7 50. Rh7+ Rf7 51. Rh8 Kd6 52. Rd8+ Rd7 53. Rf8 Ke5 0-1

[Event "Mecklenburg VP LL2 0506"]
[Site "Mecklenburg VP"]
[Date "2005.11.29"]
[Round "3.5"]
[White "Buchholz, Bernd"]
[Black "Voll, Andreas"]
[Result "1/2-1/2"]
[WhiteElo "1792"]
[BlackElo "1916"]
[PlyCount "75"]
[EventDate "2005.10.23"]
[EventType "team"]
[EventRounds "9"]
[EventCountry "GER"]
[SourceTitle "EXT 2009"]
[Source "ChessBase"]
[SourceDate "2008.11.26"]
[SourceVersion "1"]
[SourceVersionDate "2008.11.26"]
[SourceQuality "1"]
[WhiteTeam "Warnemuende SF Ostsee II"]
[BlackTeam "Schwerin SV Einheit"]
[WhiteTeamCountry "GER"]
[BlackTeamCountry "GER"]

1. e4 c5 2. f4 d6 3. c3 Nf6 4. Nf3 Nc6 5. d4 cxd4 6. e5 dxe5 7. fxe5 Nd5 8. cxd4 Bf5 9. a3 e6 10. Nc3 Be7 11. Bd3 Bg4 12. Be2 0-0 13. 0-0 Rc8 14. Nxd5 Qxd5 15. Be3 Rfd8 16. Qd2 Na5 17. Rad1 Nc4 18. Bxc4 Rxc4 19. Qf2 Bf5 20. Rd2 Rdc8 21. Ne1 b5 22. Qf4 Qe4 23. Qf2 Bg6 24. Nd3 Qg4 25. h3 Qe4 26. Nf4 Bg5 27. Qf3 Rc2 28. Rff2 Rc1+ 29. Kh2 Qxf3 30. Rxf3 Be4 31. Rff2 Bh4 32. Rfe2 Rf1 33. Bf2 Bxf2 34. Rxf2 Rb1 35. Ne2 Re1 36. Nc3 a6 37. Nxe4 Rxe4 38. Rc2 1/2-1/2

[Event "Mecklenburg VP LL 0304"]
[Site "Mecklenburg VP"]
[Date "2004.03.28"]
[Round "8.7"]
[White "Voll, Andreas"]
[Black "Menzel, Michael"]
[Result "0-1"]
[WhiteElo "1897"]
[BlackElo "1944"]
[PlyCount "78"]
[EventDate "2003.09.28"]
[EventType "team-tourn"]
[EventRounds "9"]
[EventCountry "GER"]
[SourceTitle "EXT 2005"]
[Source "ChessBase"]
[SourceDate "2004.11.15"]
[SourceVersion "1"]
[SourceVersionDate "2004.11.15"]
[SourceQuality "1"]
[WhiteTeam "Schwerin SV Einheit"]
[BlackTeam "Wismar"]
[WhiteTeamCountry "GER"]
[BlackTeamCountry "GER"]

1. e4 c5 2. Nf3 d6 3. d4 cxd4 4. Nxd4 Nf6 5. Nc3 a6 6. Be2 e6 7. Be3 Be7 8. 0-0 0-0 9. a4 Nbd7 10. f4 Qc7 11. Qe1 Nb6 12. Qf2 Nc4 13. Bxc4 Qxc4 14. Qf3 Qc7 15. a5 Bd7 16. f5 e5 17. Nde2 Bc6 18. g4 Rfe8 19. g5 Nd7 20. Ng3 Nc5 21. Nh5 Bf8 22. Qg4 b5 23. g6 fxg6 24. fxg6 h6 25. Rf7 Qc8 26. Qf3 Qe6 27. Qg2 b4 28. Nd5 Nxe4 29. Nc7 Qc4 30. Nxe8 Rxe8 31. Raf1 Ng5 32. Qg3 Qe4 33. Bxg5 hxg5 34. Qxg5 Qh1+ 35. Kf2 Qxh2+ 36. Ke1 Bb5 37. R7f2 Qh3 38. Rf3 Qh2 39. Qf4 Qe2# 0-1

[Event "Mecklenburg VP LL2 West 0304"]
[Site "Mecklenburg VP"]
[Date "2004.02.15"]
[Round "6.1"]
[White "Schmidt, Reinhard"]
[Black "Voll, Andreas"]
[Result "1/2-1/2"]
[WhiteElo "1799"]
[BlackElo "1897"]
[PlyCount "48"]
[EventDate "2003.09.28"]
[EventType "team-tourn"]
[EventRounds "9"]
[EventCountry "GER"]
[SourceTitle "EXT 2022"]
[Source "ChessBase"]
[SourceDate "2021.10.06"]
[SourceVersion "1"]
[SourceVersionDate "2021.10.06"]
[SourceQuality "1"]
[WhiteTeam "Warnemuende SF Ostsee II"]
[BlackTeam "Schwerin SV Einheit II"]
[WhiteTeamCountry "GER"]
[BlackTeamCountry "GER"]

1. e4 c5 2. f4 d6 3. Nf3 Nf6 4. Nc3 e6 5. Be2 Be7 6. 0-0 0-0 7. b3 Nc6 8. Bb2 Bd7 9. e5 Nd5 10. Nxd5 exd5 11. d4 cxd4 12. Nxd4 dxe5 13. Nxc6 bxc6 14. fxe5 Qb6+ 15. Kh1 Be6 16. Bd3 g6 17. Qd2 c5 18. c3 Rad8 19. Rf6 c4 20. Bc2 Bc5 21. Re1 d4 22. cxd4 Bxd4 23. Qh6 Qb4 24. Ref1 Bxb2 1/2-1/2

[Event "Mecklenburg VP LL2 West 0304"]
[Site "Mecklenburg VP"]
[Date "2004.01.18"]
[Round "5.5"]
[White "Voll, Andreas"]
[Black "Kiel, Bernd"]
[Result "1-0"]
[WhiteElo "1897"]
[BlackElo "1964"]
[PlyCount "102"]
[EventDate "2003.09.28"]
[EventType "team-tourn"]
[EventRounds "9"]
[EventCountry "GER"]
[SourceTitle "EXT 2022"]
[Source "ChessBase"]
[SourceDate "2021.10.06"]
[SourceVersion "1"]
[SourceVersionDate "2021.10.06"]
[SourceQuality "1"]
[WhiteTeam "Schwerin SV Einheit II"]
[BlackTeam "Guestrow/Teterow"]
[WhiteTeamCountry "GER"]
[BlackTeamCountry "GER"]

1. e4 d5 2. exd5 Qxd5 3. Nc3 Qa5 4. d4 e5 5. dxe5 Bb4 6. Bd2 Nc6 7. a3 Qxe5+ 8. Be2 Bxc3 9. Bxc3 Qg5 10. Nf3 Qg6 11. Qd2 Nge7 12. 0-0-0 0-0 13. Bd3 Bf5 14. Nh4 Qe6 15. Nxf5 Nxf5 16. Qg5 Nfd4 17. Rhe1 Qa2 18. Qh4 g6 19. Bxd4 Nxd4 20. Qxd4 c5 21. Qc4 Qa1+ 22. Kd2 Qxb2 23. Ke2 Qe5+ 24. Kd2 Qg5+ 25. f4 Qxg2+ 26. Kc1 b5 27. Qxc5 Rac8 28. Qb4 Qc6 29. f5 a5 30. Qb2 b4 31. axb4 axb4 32. fxg6 hxg6 33. h4 b3 34. Qxb3 Rb8 35. Qc4 Qf6 36. Rf1 Qa1+ 37. Kd2 Qa5+ 38. Qc3 Qd5 39. Qc4 Qa5+ 40. Kc1 Qa1+ 41. Kd2 Qa5+ 42. Qc3 Qd5 43. Ra1 Rfc8 44. Qf6 Rc6 45. Qf3 Qd7 46. h5 Rbc8 47. Kc1 Rd8 48. hxg6 fxg6 49. Kd2 Rdc8 50. Ra2 Qe6 51. Ra7 Rxc2+ 1-0